| 000 | 01089nam a2200229Ia 4500 | ||
|---|---|---|---|
| 003 | Ost | ||
| 005 | 20260507075108.0 | ||
| 008 | 260507s9999||||xx |||||||||||||| ||und|| | ||
| 040 | _cfsecg | ||
| 041 | _aara | ||
| 082 | _a330 | ||
| 100 |
_aحمور ميرغني، عبد العال حمور _eمؤلف |
||
| 245 | 0 |
_aالتطوير التنظيمي والخصوصية العربية / _c عبد العال حمور حمور ميرغني |
|
| 260 |
_aعمان: _bالمنظمة العربية للعلوم الادارية, _c1987 |
||
| 300 |
_a100 صفحة؛ _c24 سم |
||
| 520 | _aتجد في الكتاب الإطار النظري العام : ايجابيات وسلبيات التطوير التنظيمي التطوير التنظيمي وواقع البيئة العربية المعاصرة التطوير التنظيمي وأفات الفكر الإداري العربي | ||
| 653 | _aاداره الاعمال | ||
| 653 | _aالإدارة العامة | ||
| 653 | _aالعلاقات الانسانيه | ||
| 653 | _aتطوير تنظيمي | ||
| 942 | _cكتاب | ||
| 999 |
_c42834 _d42834 |
||